|
|
|
|
| LEADER |
00000nam0a2200000 4500 |
| 001 |
119610 |
| 005 |
20231031124656.0 |
| 020 |
|
|
|a RU
|b 84-20896
|
| 035 |
|
|
|a (RuTPU)RU\TPU\book\129459
|
| 090 |
|
|
|a 119610
|
| 100 |
|
|
|a 20070719d1984 km a0rusy5003 ca
|
| 101 |
0 |
|
|a rus
|
| 102 |
|
|
|a RU
|
| 105 |
|
|
|a a g 000zy
|
| 200 |
1 |
|
|a Справочник монтажника механического оборудования гидротехнических сооружений
|f под ред. В. Я. Мартенсона
|
| 210 |
|
|
|a Москва
|c Энергоатомиздат
|d 1984
|
| 215 |
|
|
|a 264 с.
|c ил.
|
| 610 |
1 |
|
|a справочники
|
| 610 |
1 |
|
|a монтажное оборудование
|
| 610 |
1 |
|
|a механическое оборудование
|
| 610 |
1 |
|
|a гидротехнические сооружения
|
| 610 |
1 |
|
|a монтаж
|
| 675 |
|
|
|a 627.8(035)
|v 3
|
| 702 |
|
1 |
|a Мартенсон
|b В. Я.
|g Вальтнр Янович
|4 340
|
| 801 |
|
0 |
|a RU
|b RuMRKP
|c 19950704
|g psbo
|
| 801 |
|
1 |
|a RU
|b 63413507
|c 20070719
|g PSBO
|
| 801 |
|
2 |
|a RU
|b 63413507
|c 20180628
|g PSBO
|
| 942 |
|
|
|c BK
|